| 000 | 00388nam a22001217a 4500 | ||
|---|---|---|---|
| 082 | _a200 THE | ||
| 100 |
_aKUMAIL RAZA ZAIDI, _972721 |
||
| 245 | _aTH-SOF-0848-EFFECTIVENESS AND FUTURE PROSPECTS OF TELEMEDICINE APPLICATIONS IN PAKISTAN | ||
| 260 |
_aISLAMABAD _bNUST COLLEGE OF EME _c2013 |
||
| 650 |
_aMS-EM-6 MSTHESIS _970416 |
||
| 700 | _aSUPERVISOR DR AKHTAR NAWAZ MALIK | ||
| 942 | _cCF | ||
| 999 |
_c578714 _d578714 |
||